000 00292nam a22001337a 4500
008 170721b xxu||||| |||| 00| 0 eng d
020 _a2900321430846
041 _aeng
080 _26TH
_a004
100 _a28
101 _aSHKI
245 _aHTML, XHTML & CSS
_cCASTRO, E
942 _2udc
_cBK
999 _c21700
_d21700